[Event "Brandenburg-ch Seniors 18th"]
[Site "Rowy"]
[Date "2009.06.23"]
[Round "2"]
[White "Groeling, Juergen"]
[Black "Ewald, Horst"]
[Result "1-0"]
[WhiteElo "1778"]
[BlackElo "1551"]
[PlyCount "81"]
[EventDate "2009.06.22"]
[EventType "swiss"]
[EventRounds "9"]
[EventCountry "POL"]
[SourceTitle "EXT 2022"]
[Source "ChessBase"]
[SourceDate "2021.10.06"]
[SourceVersion "1"]
[SourceVersionDate "2021.10.06"]
[SourceQuality "1"]

1. c4 Nf6 2. d4 d5 3. cxd5 Nxd5 4. e4 Nf6 5. Nc3 e6 6. g3 Bd7 7. Bg2 Bc6 8. Nge2 Bb4 9. 0-0 b6 10. Qc2 Nbd7 11. a3 Be7 12. d5 Bb7 13. Rd1 exd5 14. exd5 Bd6 15. Nd4 0-0 16. Nf5 Ne5 17. b4 Rc8 18. b5 Re8 19. h3 a6 20. Qb3 axb5 21. Nxd6 Qxd6 22. Nxb5 Qf8 23. Bg5 Ned7 24. Be3 Red8 25. Rac1 Nc5 26. Bxc5 bxc5 27. Qc3 Nd7 28. d6 Bxg2 29. dxc7 Re8 30. Kxg2 Qe7 31. Nd6 Rxc7 32. Nxe8 Qxe8 33. Qa5 Qc8 34. Kg1 f6 35. Qd2 Kf7 36. Qd5+ Kf8 37. Qf5 Kg8 38. Qe6+ Kh8 39. Qe7 Kg8 40. Rxc5 Rxc5 41. Rxd7 1-0

[Event "Brandenburg-ch Seniors 17th"]
[Site "Rowy"]
[Date "2008.07.01"]
[Round "8"]
[White "Ewald, Horst"]
[Black "Serowy, Reinhold"]
[Result "1/2-1/2"]
[WhiteElo "1546"]
[BlackElo "1392"]
[PlyCount "68"]
[EventDate "2008.06.23"]
[EventType "swiss"]
[EventRounds "9"]
[EventCountry "POL"]
[SourceTitle "EXT 2022"]
[Source "ChessBase"]
[SourceDate "2021.10.06"]
[SourceVersion "1"]
[SourceVersionDate "2021.10.06"]
[SourceQuality "1"]

1. e4 d6 2. d4 Nf6 3. Nc3 c6 4. Be2 Qa5 5. Bd2 Qb6 6. Bc1 e5 7. d5 Be7 8. Rb1 0-0 9. Be3 Qa5 10. Qd2 a6 11. h3 c5 12. Nf3 Nbd7 13. 0-0 b5 14. a3 Qc7 15. Qd3 Rb8 16. b4 c4 17. Qd1 Nb6 18. Nd2 Bd7 19. f4 Ne8 20. f5 Qd8 21. Qe1 Bg5 22. Bf2 Kh8 23. h4 Bxd2 24. Qxd2 Nf6 25. Qe3 Ng8 26. g4 f6 27. Kg2 Be8 28. Rh1 Rb7 29. Qh3 g6 30. Be3 Rg7 31. Rbf1 Nd7 32. Kf2 Qe7 33. g5 Qd8 34. gxf6 Ngxf6 1/2-1/2

[Event "Brandenburg-ch Seniors 17th"]
[Site "Rowy"]
[Date "2008.06.30"]
[Round "7"]
[White "Janocha, Jan"]
[Black "Ewald, Horst"]
[Result "1-0"]
[WhiteElo "1649"]
[BlackElo "1546"]
[PlyCount "45"]
[EventDate "2008.06.23"]
[EventType "swiss"]
[EventRounds "9"]
[EventCountry "POL"]
[SourceTitle "EXT 2022"]
[Source "ChessBase"]
[SourceDate "2021.10.06"]
[SourceVersion "1"]
[SourceVersionDate "2021.10.06"]
[SourceQuality "1"]

1. e4 e5 2. Nf3 d6 3. Bc4 h6 4. d4 exd4 5. c3 Nc6 6. Nxd4 Nxd4 7. cxd4 c6 8. 0-0 Nf6 9. Nc3 Be7 10. f4 Nxe4 11. Bxf7+ Kxf7 12. Nxe4 d5 13. Ng3 Bf6 14. f5 Rf8 15. Bxh6 gxh6 16. Qh5+ Ke7 17. Rae1+ Kd7 18. Qg4 Qb6 19. Ne2 Qxb2 20. Kh1 b6 21. Qg6 Ba6 22. Qh7+ Kd6 23. Nf4 1-0

[Event "Brandenburg Seniors op 16th"]
[Site "Rowy"]
[Date "2007.06.25"]
[Round "7"]
[White "Schmidt, Hans Juergen"]
[Black "Ewald, Horst"]
[Result "1-0"]
[WhiteElo "2050"]
[BlackElo "1619"]
[PlyCount "69"]
[EventDate "2007.06.18"]
[EventType "swiss"]
[EventRounds "9"]
[EventCountry "POL"]
[SourceTitle "EXT 2011"]
[Source "ChessBase"]
[SourceDate "2010.11.26"]
[SourceVersion "1"]
[SourceVersionDate "2010.11.26"]
[SourceQuality "1"]

1. e4 e5 2. Nf3 d6 3. Bc4 Be7 4. Nc3 Nf6 5. d3 0-0 6. 0-0 Be6 7. Bg5 Bxc4 8. dxc4 Nc6 9. Qe2 Nd4 10. Qd3 Nxf3+ 11. Qxf3 a6 12. Rad1 Nd7 13. Bxe7 Qxe7 14. Nd5 Qd8 15. b4 b6 16. Rd3 a5 17. a3 axb4 18. axb4 g6 19. g4 Ra7 20. Rfd1 Qg5 21. Qg3 Nb8 22. h4 Qd8 23. g5 Nd7 24. Rf3 f5 25. exf5 gxf5 26. Qh3 Rf7 27. Rxf5 Rxf5 28. Qxf5 Kh8 29. Rd3 Ra1+ 30. Kg2 Ra2 31. Rf3 c6 32. Ne3 Ra8 33. Ng4 Qe8 34. Nf6 Qf8 35. Qxh7# 1-0

[Event "Brandenburg Seniors op 16th"]
[Site "Rowy"]
[Date "2007.06.19"]
[Round "2"]
[White "Ewald, Horst"]
[Black "Wirth, Helmut"]
[Result "1-0"]
[WhiteElo "1619"]
[BlackElo "1358"]
[PlyCount "53"]
[EventDate "2007.06.18"]
[EventType "swiss"]
[EventRounds "9"]
[EventCountry "POL"]
[SourceTitle "EXT 2011"]
[Source "ChessBase"]
[SourceDate "2010.11.26"]
[SourceVersion "1"]
[SourceVersionDate "2010.11.26"]
[SourceQuality "1"]

1. e4 e5 2. Nf3 Nc6 3. d4 exd4 4. Bc4 Be7 5. 0-0 d6 6. Nxd4 Nf6 7. Nxc6 bxc6 8. Nc3 0-0 9. f3 Be6 10. Qe2 d5 11. exd5 cxd5 12. Bd3 Re8 13. Kh1 c6 14. Qf2 Qb6 15. Qe2 Nd7 16. b3 Nc5 17. Bb2 d4 18. Ne4 Nxd3 19. Qxd3 c5 20. Rad1 Bf5 21. Rfe1 Bf6 22. Nxf6+ Qxf6 23. Qb5 Rxe1+ 24. Rxe1 Qd8 25. Qxc5 Qd7 26. Bxd4 Be6 27. Qe5 1-0

[Event "Brandenburg Seniors op 16th"]
[Site "Rowy"]
[Date "2007.06.18"]
[Round "1"]
[White "Bernhoeft, Erhard"]
[Black "Ewald, Horst"]
[Result "1-0"]
[WhiteElo "2028"]
[BlackElo "1619"]
[PlyCount "77"]
[EventDate "2007.06.18"]
[EventType "swiss"]
[EventRounds "9"]
[EventCountry "POL"]
[SourceTitle "EXT 2011"]
[Source "ChessBase"]
[SourceDate "2010.11.26"]
[SourceVersion "1"]
[SourceVersionDate "2010.11.26"]
[SourceQuality "1"]

1. Nf3 d5 2. g3 Nc6 3. d4 e6 4. Bg2 Be7 5. b3 Nf6 6. 0-0 Ne4 7. Bb2 0-0 8. Nbd2 f5 9. c4 Bf6 10. Rc1 Ne7 11. Qc2 c6 12. Rcd1 Bd7 13. Ne5 Bxe5 14. dxe5 Nxd2 15. Rxd2 Rc8 16. Qd3 Ng6 17. e4 fxe4 18. Bxe4 Be8 19. Bg2 Qc7 20. Qe2 Rd8 21. Rfd1 Bf7 22. cxd5 cxd5 23. Qe3 b6 24. Rc1 Qd7 25. Rdc2 Rc8 26. Qd3 Rxc2 27. Qxc2 Rd8 28. Qc7 Ne7 29. Ba3 Qxc7 30. Rxc7 Ng6 31. f4 h5 32. Kf2 h4 33. Ke3 a6 34. Kd4 hxg3 35. hxg3 Ra8 36. Bh3 b5 37. f5 exf5 38. Bxf5 Re8 39. e6 1-0

[Event "Brandenburg-ch Seniors 13th"]
[Site "Lindow/Mark"]
[Date "2005.09.08"]
[Round "2"]
[White "Heinze, Johannes"]
[Black "Ewald, Horst"]
[Result "1-0"]
[WhiteElo "1391"]
[BlackElo "1602"]
[PlyCount "29"]
[EventDate "2005.09.07"]
[EventType "swiss"]
[EventRounds "9"]
[EventCountry "GER"]
[SourceTitle "EXT 2007"]
[Source "ChessBase"]
[SourceDate "2006.11.23"]
[SourceVersion "1"]
[SourceVersionDate "2006.11.23"]
[SourceQuality "1"]

1. e4 e6 2. d4 d5 3. Nc3 Bb4 4. Qf3 dxe4 5. Qg3 Qxd4 6. Nge2 Bxc3+ 7. Nxc3 c6 8. Be3 Qd8 9. Rd1 Nd7 10. Qxg7 Qf6 11. Qg3 Ne7 12. Nxe4 Qxb2 13. Bd4 Qxc2 14. Nd6+ Kf8 15. Qg7# 1-0

[Event "Brandenburg Seniors op 14th"]
[Site "Rowy"]
[Date "2005.06.27"]
[Round "7"]
[White "Ewald, Horst"]
[Black "Fiedler, Wolfgang2222"]
[Result "0-1"]
[WhiteElo "1641"]
[BlackElo "1781"]
[PlyCount "62"]
[EventDate "2005.06.20"]
[EventType "swiss"]
[EventRounds "9"]
[EventCountry "POL"]
[SourceTitle "EXT 2007"]
[Source "ChessBase"]
[SourceDate "2006.11.23"]
[SourceVersion "1"]
[SourceVersionDate "2006.11.23"]
[SourceQuality "1"]

1. d4 Nf6 2. Nc3 d5 3. Bg5 Nbd7 4. e3 g6 5. Be2 Bg7 6. Nf3 c6 7. 0-0 b5 8. Bd3 b4 9. Ne2 a5 10. Ne5 Nxe5 11. dxe5 Ng4 12. a3 bxa3 13. Rxa3 Nxe5 14. b4 Nxd3 15. Qxd3 Bf5 16. Qb3 axb4 17. Rxa8 Qxa8 18. Qxb4 f6 19. Qc3 0-0 20. Ra1 Qb7 21. Bh4 Bd7 22. Qe1 Ra8 23. f4 f5 24. Rc1 e5 25. Be7 Re8 26. Bd6 Re6 27. Rb1 Qa7 28. Rb8+ Kf7 29. Qb4 Qxe3+ 30. Kf1 exf4 31. Nxf4 Bd4 0-1

[Event "Brandenburg-ch Seniors 12th"]
[Site "Lindow/Mark"]
[Date "2004.09.18"]
[Round "1"]
[White "Thieme, Hans"]
[Black "Ewald, Horst"]
[Result "1-0"]
[WhiteElo "2011"]
[BlackElo "1646"]
[PlyCount "57"]
[EventDate "2004.09.18"]
[EventType "swiss"]
[EventRounds "9"]
[EventCountry "GER"]
[SourceTitle "EXT 2006"]
[Source "ChessBase"]
[SourceDate "2005.11.24"]
[SourceVersion "1"]
[SourceVersionDate "2005.11.24"]
[SourceQuality "1"]

1. Nf3 d5 2. d4 Nc6 3. Bf4 e6 4. e3 Bd6 5. Bd3 Bxf4 6. exf4 Nf6 7. Nbd2 Qd6 8. g3 Bd7 9. c3 0-0-0 10. a4 a5 11. 0-0 h5 12. h4 Ng4 13. Ne5 Ngxe5 14. fxe5 Qe7 15. f4 f6 16. Nf3 fxe5 17. fxe5 Rdf8 18. Qe2 Qe8 19. Ng5 Ne7 20. b4 axb4 21. cxb4 Nf5 22. Bxf5 Rxf5 23. Rxf5 exf5 24. e6 Kb8 25. b5 Bc8 26. Qe5 Qe7 27. b6 Re8 28. Rc1 Qf6 29. Qxc7+ 1-0

[Event "Brandenburg Seniors op 13th"]
[Site "Rowy"]
[Date "2004.06.29"]
[Round "8"]
[White "Ollek, Karl Heinz"]
[Black "Ewald, Horst"]
[Result "1-0"]
[WhiteElo "1581"]
[BlackElo "1652"]
[PlyCount "61"]
[EventDate "2004.06.21"]
[EventType "swiss"]
[EventRounds "9"]
[EventCountry "POL"]
[SourceTitle "EXT 2006"]
[Source "ChessBase"]
[SourceDate "2005.11.24"]
[SourceVersion "1"]
[SourceVersionDate "2005.11.24"]
[SourceQuality "1"]

1. Nf3 d5 2. d3 Nc6 3. g3 e6 4. Bg2 Be7 5. 0-0 Bf6 6. Nc3 Bd7 7. Rb1 g5 8. e4 d4 9. Na4 e5 10. Nc5 Bc8 11. b4 b6 12. b5 Nb8 13. Nb3 h5 14. Qd2 c5 15. Nxg5 Nd7 16. f4 Rb8 17. Qf2 Qe7 18. h4 Nh6 19. Bh3 Bg7 20. Nd2 Nf6 21. Nc4 Nfg4 22. Qg2 f6 23. Nf3 Be6 24. fxe5 fxe5 25. Bg5 Qc7 26. Ncxe5 Bxe5 27. Nxe5 Qc8 28. Bxg4 Bxg4 29. Bxh6 Bh3 30. Qf2 Bxf1 31. Qf7+ 1-0

[Event "Brandenburg Seniors op 13th"]
[Site "Rowy"]
[Date "2004.06.21"]
[Round "1"]
[White "Ewald, Horst"]
[Black "Galicki, Ryszard"]
[Result "0-1"]
[WhiteElo "1652"]
[BlackElo "2018"]
[PlyCount "88"]
[EventDate "2004.06.21"]
[EventType "swiss"]
[EventRounds "9"]
[EventCountry "POL"]
[SourceTitle "EXT 2006"]
[Source "ChessBase"]
[SourceDate "2005.11.24"]
[SourceVersion "1"]
[SourceVersionDate "2005.11.24"]
[SourceQuality "1"]

1. d4 e6 2. Nf3 f5 3. Nc3 Bb4 4. e3 Nf6 5. Bd2 b6 6. Be2 Bb7 7. 0-0 0-0 8. Ne5 d6 9. Nd3 Bxc3 10. Bxc3 Nbd7 11. Nf4 Qe8 12. Bc4 d5 13. Be2 g5 14. Nd3 Qg6 15. Ne5 Nxe5 16. dxe5 Nd7 17. g3 g4 18. Re1 Rf7 19. Bf1 h5 20. Bg2 h4 21. Qd2 c5 22. b3 Rh7 23. Kf1 Ba6+ 24. Kg1 hxg3 25. fxg3 Bb7 26. Bb2 Qh6 27. Bh1 Rb8 28. Re2 Ba6 29. Rf2 c4 30. Rd1 Nc5 31. Ba3 cxb3 32. axb3 Qg7 33. Bb2 Qc7 34. Qb4 Rc8 35. Qf4 Bb7 36. c4 dxc4 37. Bxb7 Qxb7 38. Qxc4 b5 39. Qf4 Ne4 40. Re2 Rd7 41. Rxd7 Qxd7 42. Bd4 Rc1+ 43. Kg2 Qc6 44. Bb2 Rc2 0-1

[Event "Brandenburg-ch Seniors 11th"]
[Site "Lindow"]
[Date "2003.09.27"]
[Round "7"]
[White "Ewald, Horst"]
[Black "Garms, Ilse"]
[Result "0-1"]
[WhiteElo "1638"]
[BlackElo "1538"]
[PlyCount "94"]
[EventDate "2003.09.??"]
[EventType "swiss"]
[EventRounds "7"]
[EventCountry "GER"]
[SourceTitle "EXT 2006"]
[Source "ChessBase"]
[SourceDate "2005.11.24"]
[SourceVersion "1"]
[SourceVersionDate "2005.11.24"]
[SourceQuality "1"]

1. d4 e6 2. e4 d6 3. Be3 Nd7 4. Nf3 c5 5. c3 Qa5 6. Nbd2 Ngf6 7. Nb3 Qa4 8. Bd3 c4 9. Bc2 cxb3 10. axb3 Qc6 11. Qd3 b6 12. c4 Bb7 13. Ng5 h6 14. d5 Qc7 15. Nf3 Nc5 16. Bxc5 Qxc5 17. 0-0 Qc8 18. Nd4 e5 19. Nf5 g6 20. Ne3 Be7 21. f4 Ng4 22. fxe5 Nxe3 23. Qxe3 dxe5 24. Qf3 Bc5+ 25. Kh1 Qc7 26. Qf6 Rh7 27. Rf3 Be7 28. d6 Bxd6 29. Qh4 Bc5 30. Raf1 h5 31. Qg5 Qe7 32. Qg3 h4 33. Qe1 Bc8 34. Qd2 Be6 35. Ra1 Rd8 36. Qc1 Bd4 37. Ra2 a5 38. Rd3 Kf8 39. h3 g5 40. Bd1 Kg7 41. Be2 Rc8 42. Qd1 Rh6 43. Bg4 Rc6 44. Rxd4 exd4 45. Qxd4+ Qf6 46. e5 Qf1+ 47. Kh2 Qf4+ 0-1

[Event "Brandenburg-ch Seniors 11th"]
[Site "Lindow"]
[Date "2003.09.22"]
[Round "3"]
[White "Ewald, Horst"]
[Black "Petersohn, Horst"]
[Result "1-0"]
[WhiteElo "1638"]
[BlackElo "1779"]
[PlyCount "47"]
[EventDate "2003.09.??"]
[EventType "swiss"]
[EventRounds "7"]
[EventCountry "GER"]
[SourceTitle "EXT 2006"]
[Source "ChessBase"]
[SourceDate "2005.11.24"]
[SourceVersion "1"]
[SourceVersionDate "2005.11.24"]
[SourceQuality "1"]

1. d4 g6 2. Nc3 Bg7 3. e4 d6 4. Be3 e6 5. Be2 Ne7 6. Nf3 Nd7 7. Qd2 b6 8. Bh6 Bf6 9. 0-0-0 e5 10. dxe5 Nxe5 11. Nd5 Ng8 12. Nxf6+ Qxf6 13. Qd5 Rb8 14. Nxe5 Nxh6 15. Bb5+ Kf8 16. Nc6 Qf4+ 17. Kb1 Rb7 18. Ba6 Rg8 19. Nxa7 Rxa7 20. Bxc8 Ng4 21. Bxg4 Qxg4 22. e5 Ra5 23. Qc4 Rc5 24. Qxg4 1-0

[Event "Brandenburg Seniors op 12th"]
[Site "Rowy"]
[Date "2003.06.22"]
[Round "6"]
[White "Ewald, Horst"]
[Black "Assmann, Hans"]
[Result "0-1"]
[WhiteElo "1660"]
[BlackElo "1595"]
[PlyCount "86"]
[EventDate "2003.06.??"]
[EventType "swiss"]
[EventRounds "9"]
[EventCountry "POL"]
[SourceTitle "EXT 2006"]
[Source "ChessBase"]
[SourceDate "2005.11.24"]
[SourceVersion "1"]
[SourceVersionDate "2005.11.24"]
[SourceQuality "1"]

1. d4 Nf6 2. Nc3 e6 3. e4 d6 4. Bd2 b6 5. Be2 Bb7 6. Bf3 Nbd7 7. Nge2 c5 8. d5 Ne5 9. dxe6 Nxf3+ 10. gxf3 fxe6 11. Ng3 Qd7 12. Qe2 0-0-0 13. 0-0-0 h6 14. Bf4 g5 15. Be5 Qf7 16. Qd3 Be7 17. Bxf6 Qxf6 18. a4 Rhf8 19. Qc4 Qf4+ 20. Kb1 d5 21. Qa2 Qxf3 22. a5 c4 23. exd5 exd5 24. Nb5 Bc5 25. Nxa7+ Kb8 26. Nb5 Bc6 27. axb6 Bxb6 28. Qa6 Qxf2 29. Nd4 Bxd4 30. Qxc6 Rf6 31. Qa4 Rb6 32. Rxd4 Qxd4 33. Qa3 Rc8 34. Re1 Qd2 35. Re7 Rb7 36. Qd6+ Ka7 37. Qa3+ Kb6 38. Re6+ Rc6 39. Rxc6+ Kxc6 40. Qa4+ Kc7 41. Nf5 Qe1+ 42. Ka2 Qb4 43. b3 cxb3+ 0-1

[Event "Brandenburg Seniors op 12th"]
[Site "Rowy"]
[Date "2003.06.17"]
[Round "1"]
[White "Ewald, Horst"]
[Black "Bienkowski, Gabriel"]
[Result "0-1"]
[WhiteElo "1660"]
[BlackElo "2089"]
[PlyCount "76"]
[EventDate "2003.06.??"]
[EventType "swiss"]
[EventRounds "9"]
[EventCountry "POL"]
[SourceTitle "EXT 2006"]
[Source "ChessBase"]
[SourceDate "2005.11.24"]
[SourceVersion "1"]
[SourceVersionDate "2005.11.24"]
[SourceQuality "1"]

1. d4 Nf6 2. Nc3 d6 3. e4 Nbd7 4. Be2 e5 5. Nf3 Be7 6. dxe5 dxe5 7. 0-0 0-0 8. Bg5 c6 9. Nd2 Qc7 10. Kh1 Nc5 11. Be3 Rd8 12. Bxc5 Bxc5 13. Qe1 b5 14. Bd3 a5 15. f4 Ng4 16. f5 Qa7 17. Nd1 Qe7 18. Nf3 f6 19. Qh4 Ne3 20. Nxe3 Bxe3 21. Rae1 Bb6 22. Ng1 Rd4 23. Re3 Ra7 24. Rh3 g5 25. Qg4 Qf8 26. Rh5 Bd7 27. Nf3 Rd6 28. Rh3 Be8 29. Rg3 Rg7 30. h4 h5 31. Qh3 g4 32. Qh2 gxf3 33. Rxg7+ Kxg7 34. Rxf3 Bf7 35. b3 Kh7 36. Qh3 Qh6 37. g4 hxg4 38. Qxg4 Bh5 0-1

[Event "Brandenburg Seniors op 11th"]
[Site "Rowy"]
[Date "2002.06.22"]
[Round "5"]
[White "Assmann, Hans"]
[Black "Ewald, Horst"]
[Result "1/2-1/2"]
[WhiteElo "1559"]
[BlackElo "1664"]
[PlyCount "61"]
[EventDate "2002.06.??"]
[EventType "swiss"]
[EventRounds "7"]
[EventCountry "POL"]
[SourceTitle "EXT 2006"]
[Source "ChessBase"]
[SourceDate "2005.11.24"]
[SourceVersion "1"]
[SourceVersionDate "2005.11.24"]
[SourceQuality "1"]

1. c4 d5 2. cxd5 Qxd5 3. Nc3 Qd8 4. Nf3 Nc6 5. d4 e6 6. e4 Bb4 7. a3 Bxc3+ 8. bxc3 h6 9. Bb5 Bd7 10. 0-0 a6 11. Bd3 Nge7 12. Re1 0-0 13. c4 Ng6 14. e5 Nh4 15. Re4 Nxf3+ 16. Qxf3 f5 17. exf6 Rxf6 18. Qg3 Be8 19. Rg4 Qd7 20. d5 exd5 21. cxd5 Ne5 22. Re4 Nxd3 23. Qxd3 Bg6 24. Bb2 Bxe4 25. Qxe4 Re8 26. Qc4 Rd6 27. Rd1 Kh8 28. h3 c6 29. Qh4 cxd5 30. Qh5 Ree6 31. Be5 1/2-1/2

[Event "Brandenburg Seniors op 11th"]
[Site "Rowy"]
[Date "2002.06.18"]
[Round "2"]
[White "Ewald, Horst"]
[Black "Keusch, Horst"]
[Result "0-1"]
[WhiteElo "1664"]
[BlackElo "2042"]
[PlyCount "70"]
[EventDate "2002.06.??"]
[EventType "swiss"]
[EventRounds "7"]
[EventCountry "POL"]
[SourceTitle "EXT 2006"]
[Source "ChessBase"]
[SourceDate "2005.11.24"]
[SourceVersion "1"]
[SourceVersionDate "2005.11.24"]
[SourceQuality "1"]

1. d4 Nf6 2. Nc3 d5 3. Bg5 Bf5 4. Bxf6 exf6 5. e3 c6 6. Bd3 Be6 7. Nge2 Bd6 8. 0-0 0-0 9. Ng3 g6 10. Nce2 Qc7 11. Rc1 b5 12. e4 a6 13. f4 dxe4 14. Nxe4 Be7 15. N4g3 f5 16. c4 Qa7 17. Kh1 Bf6 18. cxb5 axb5 19. Qc2 Rd8 20. Rfd1 Qxa2 21. Ra1 Qxa1 22. Rxa1 Rxa1+ 23. Ng1 Bxd4 24. N3e2 Bf6 25. h3 Ra2 26. Nc3 Ra7 27. Kh2 Na6 28. Qe2 Nb4 29. Bc2 Bxc3 30. bxc3 Nxc2 31. Qxc2 Ra2 32. Qc1 Rdd2 33. Nf3 Rxg2+ 34. Kh1 Bd5 35. Qe3 Rge2 0-1

[Event "Brandenburg-ch Seniors 09th"]
[Site "Rowy"]
[Date "2001.06.25"]
[Round "7"]
[White "Ewald, Horst"]
[Black "Krasinski, Jerzy Roman"]
[Result "0-1"]
[WhiteElo "1653"]
[BlackElo "1932"]
[PlyCount "92"]
[EventDate "2001.06.??"]
[EventType "swiss"]
[EventRounds "7"]
[EventCountry "POL"]
[SourceTitle "EXT 2006"]
[Source "ChessBase"]
[SourceDate "2005.11.24"]
[SourceVersion "1"]
[SourceVersionDate "2005.11.24"]
[SourceQuality "1"]

1. d4 d5 2. Nc3 c6 3. Nf3 Nf6 4. Bf4 Nbd7 5. e3 e6 6. a3 Be7 7. Bd3 a6 8. 0-0 0-0 9. Ne5 c5 10. Nxd7 Qxd7 11. dxc5 Bxc5 12. Be5 Be7 13. Qf3 Ne8 14. Qh3 g6 15. Qg3 Bf6 16. f4 Bg7 17. h4 Bxe5 18. fxe5 Ng7 19. Rad1 Qe7 20. Qg4 Bd7 21. Rf3 f5 22. Qh3 Bc6 23. Rg3 Nh5 24. Rg5 Qg7 25. Ne2 Qxe5 26. Rxh5 gxh5 27. c3 Qg7 28. Nf4 Qh6 29. Be2 Kh8 30. Nxh5 Rg8 31. Kf2 d4 32. Nf4 dxe3+ 33. Qxe3 Qxh4+ 34. Kf1 Qh1+ 35. Kf2 Qh4+ 36. Kf1 Rae8 37. Qe5+ Rg7 38. Rd3 Bxg2+ 39. Nxg2 Qh1+ 40. Kf2 Qxg2+ 41. Ke1 Kg8 42. Rf3 Qg5 43. Kd1 Rd8+ 44. Bd3 Qg1+ 45. Kc2 Rg2+ 46. Be2 Qd1# 0-1

[Event "Brandenburg-ch Seniors 09th"]
[Site "Rowy"]
[Date "2001.06.20"]
[Round "3"]
[White "Ewald, Horst"]
[Black "Krug, Peter"]
[Result "0-1"]
[WhiteElo "1653"]
[BlackElo "2194"]
[PlyCount "84"]
[EventDate "2001.06.??"]
[EventType "swiss"]
[EventRounds "7"]
[EventCountry "POL"]
[SourceTitle "EXT 2006"]
[Source "ChessBase"]
[SourceDate "2005.11.24"]
[SourceVersion "1"]
[SourceVersionDate "2005.11.24"]
[SourceQuality "1"]

1. d4 d5 2. Nc3 Bf5 3. e3 Nf6 4. Bd3 Bxd3 5. Qxd3 c6 6. Nf3 e6 7. 0-0 Be7 8. e4 dxe4 9. Nxe4 0-0 10. Nxf6+ Bxf6 11. Re1 Nd7 12. Bf4 Nb6 13. Rad1 Qd5 14. b3 Rad8 15. Be5 Nd7 16. Bxf6 Nxf6 17. Re5 Qd6 18. Ng5 h6 19. Ne4 Nxe4 20. Rxe4 Qe7 21. Qe3 Qf6 22. Re1 Rd5 23. Re5 Rfd8 24. c3 Qg6 25. h3 a6 26. Kh2 Qc2 27. Re2 Qb1 28. f4 b6 29. Rf2 c5 30. Rxd5 Rxd5 31. dxc5 bxc5 32. c4 Rd1 33. Qxc5 Rh1+ 34. Kg3 Qd3+ 35. Rf3 Qg6+ 36. Kf2 Rc1 37. g4 Qc2+ 38. Kg3 Re1 39. f5 e5 40. Rf2 Qc1 41. Rg2 Qf4+ 42. Kh4 Re3 0-1

[Event "Brandenburg-ch Seniors 09th"]
[Site "Rowy"]
[Date "2001.06.18"]
[Round "1"]
[White "Knapik, Andrzej"]
[Black "Ewald, Horst"]
[Result "0-1"]
[WhiteElo "2039"]
[BlackElo "1653"]
[PlyCount "62"]
[EventDate "2001.06.??"]
[EventType "swiss"]
[EventRounds "7"]
[EventCountry "POL"]
[SourceTitle "EXT 2006"]
[Source "ChessBase"]
[SourceDate "2005.11.24"]
[SourceVersion "1"]
[SourceVersionDate "2005.11.24"]
[SourceQuality "1"]

1. d4 d5 2. c4 c6 3. Nc3 Nf6 4. Nf3 e6 5. e3 Ne4 6. Nxe4 dxe4 7. Nd2 f5 8. Be2 Nd7 9. 0-0 Bd6 10. c5 Bc7 11. f3 Qh4 12. f4 Nf6 13. Nc4 0-0 14. Bd2 Bd7 15. Ne5 Bxe5 16. dxe5 Nd5 17. Qe1 Qe7 18. Qc1 Kh8 19. Be1 g5 20. Bg3 Rg8 21. h3 Rg7 22. a3 Rag8 23. Rf2 gxf4 24. Bxf4 Qh4 25. Bf1 Qxh3 26. Qd2 Rg4 27. Re1 Rh4 28. Rfe2 Nxf4 29. exf4 Qh2+ 30. Kf2 Rxf4+ 31. Ke3 Qg3+ 0-1

[Event "Brandenburg Seniors op 09th"]
[Site "Uckley"]
[Date "2000.09.28"]
[Round "5"]
[White "Ewald, Horst"]
[Black "Schneider, Miloca"]
[Result "1/2-1/2"]
[WhiteElo "1674"]
[BlackElo "1755"]
[PlyCount "56"]
[EventDate "2000.09.25"]
[EventType "swiss"]
[EventRounds "7"]
[EventCountry "GER"]
[SourceTitle "EXT 2006"]
[Source "ChessBase"]
[SourceDate "2005.11.24"]
[SourceVersion "1"]
[SourceVersionDate "2005.11.24"]
[SourceQuality "1"]

1. d4 d5 2. Nc3 c6 3. e4 dxe4 4. Nxe4 e6 5. Nf3 Nd7 6. c3 Ngf6 7. Nxf6+ Nxf6 8. Bd3 g6 9. 0-0 Bg7 10. Bg5 0-0 11. Qd2 Qc7 12. Bf4 Qe7 13. Ne5 Nd5 14. Bh6 Re8 15. Bxg7 Kxg7 16. Rfe1 Bd7 17. Ng4 Nf6 18. Qh6+ Kh8 19. Ne5 Ng8 20. Qh3 Kg7 21. Re4 Nf6 22. Rh4 Rh8 23. Qe3 Ng8 24. g3 f5 25. Nxd7 Qxd7 26. Qe5+ Nf6 27. Re1 Kf7 28. Bc4 Nd5 1/2-1/2

[Event "Brandenburg Seniors op 09th"]
[Site "Uckley"]
[Date "2000.09.26"]
[Round "3"]
[White "Ewald, Horst"]
[Black "Gensch, Manfred"]
[Result "1-0"]
[WhiteElo "1674"]
[BlackElo "1808"]
[PlyCount "85"]
[EventDate "2000.09.25"]
[EventType "swiss"]
[EventRounds "7"]
[EventCountry "GER"]
[SourceTitle "EXT 2006"]
[Source "ChessBase"]
[SourceDate "2005.11.24"]
[SourceVersion "1"]
[SourceVersionDate "2005.11.24"]
[SourceQuality "1"]

1. d4 Nf6 2. Nc3 d5 3. Bg5 e6 4. e3 c5 5. Bb5+ Nbd7 6. Nf3 a6 7. Bxd7+ Bxd7 8. Ne5 Bc8 9. Qe2 cxd4 10. exd4 Bb4 11. Bd2 0-0 12. a3 Be7 13. Rb1 Bd7 14. Nxd7 Qxd7 15. 0-0 Rfc8 16. Bf4 Rc4 17. Qd3 Rac8 18. Bd2 b5 19. Rfe1 Qa7 20. Ne2 Ne4 21. c3 Nxd2 22. Qxd2 a5 23. Ra1 Qb8 24. Nc1 b4 25. axb4 axb4 26. Nd3 bxc3 27. bxc3 Qb3 28. Qf4 Bf6 29. Rec1 Rxc3 30. Rxc3 Qxc3 31. Rc1 h6 32. Rxc3 Rxc3 33. Qd2 Ra3 34. g3 Bxd4 35. Kg2 e5 36. Ne1 Rb3 37. Kh3 Rb2 38. Nc2 g6 39. f4 f6 40. Qd3 Kg7 41. Nxd4 exd4 42. Qxd4 g5 43. Qxb2 1-0